Vápniková homeostáza a signalizácia v hubách

Enregistré dans:
Détails bibliographiques
Auteur principal: Vicáň, Milan (Auteur)
Autres auteurs: Kryštofová, Svetlana (Directeur de thèse)
Format: Manuscrit Livre
Langue:slovaque
Publié: 2016
Sujets:
Accès en ligne:http://is.stuba.sk/zp/portal_zp.pl?podrobnosti=101305
Tags: Ajouter un tag
Pas de tags, Soyez le premier à ajouter un tag!

MARC

LEADER 00000ntm a22000003a 4500
001 stuzp58434
003 SK-STU
005 20160719155549.9
007 ta
008 150427s2015----xo-----f-mn---000-0-slo-d
040 |a STU  |b slo 
041 0 |a slo 
100 1 |a Vicáň, Milan  |u 043000  |4 aut  |U FCHPT Fakulta chemickej a potravinárskej technológie  |T FCHPT Ústav biochémie a mikrobiológie  |X 60623  |U C3000  |Y 101  |7 60623 
242 0 1 |a Calcium Homeostasis and Signalling in Fungi  |y eng 
245 1 0 |a Vápniková homeostáza a signalizácia v hubách 
260 |c 2016 
650 4 |a vápnik  |2 slo 
650 4 |a kalmodulín  |2 slo 
650 4 |a kalcineurín  |2 slo 
650 4 |a calcium  |2 eng 
650 4 |a calcineurin  |2 eng 
650 4 |a calmodulin  |2 eng 
700 1 |a Kryštofová, Svetlana  |u 043000  |k Z2  |4 ths  |U FCHPT Fakulta chemickej a potravinárskej technológie  |T FCHPT Ústav biochémie a mikrobiológie  |X 55152  |U C3000  |Y 101  |7 A000055152 
856 4 |u http://is.stuba.sk/zp/portal_zp.pl?podrobnosti=101305 
SQL |a stuzp58434  |b DBP  |c SLO  |d Vápniková homeostáza a signalizácia v hubách  |e 60623  |f Vicáň, Milan  |g 043000  |h 55152  |i Kryštofová, Svetlana  |j 20160712  |k 752  |l 04  |m http://is.stuba.sk/zp/portal_zp.pl?podrobnosti=101305  |n B-BIOPOT  |o 5.2.25. biotechnológie